000 00293nam a22001337a 4500
008 170601b xxu||||| |||| 00| 0 eng d
020 _a0916617637
041 _aeng
080 _a94(4)
100 _a17
101 _aSHH
245 _a"THE BOUNDLESS DEEP..."
_cVAZQUEZ,J.A
942 _2udc
_cBK
999 _c15397
_d15397